00621nam a2200193Ia 4500008004100000020001400041082001500055100002500070245002400095250000700119260004500126300003000171500001900201600002100220650005000241942000700291952011400298999001500412240925s9999 xx 000 0 und d a138576084 a004.68 DAS aDasan ,Vasanthan S. 0aHands- On Internets aNA aNew Jersey:bPrintice- Hall Int.c,1998. axxiii,215p.bNAfOriginal aIncludes Index aComputer Science aComputer science, information & general works cBK 001040708CSaUITUbUITUd2000-07-28eNAg195.00l0o004.68 DASpQ2659r2024-09-25 07:12:52w2024-09-25yBK c5158d5158